[Event "Marienbad IM-II 2022"]
[Site "Marianske Lazne"]
[Date "2022.01.15"]
[Round "1.16"]
[White "Pisk, Petr"]
[Black "Hari Charan Sai Kalluri"]
[Result "1-0"]
[WhiteElo "2328"]
[BlackElo "2160"]
[Annotator "ChessBase"]
[PlyCount "95"]
[EventDate "2022.01.15"]
[EventType "tourn"]
[EventCountry "CZE"]
[SourceTitle "playchess.com"]
[Source "ChessBase"]
[SourceQuality "1"]
[TimeControl "40/5400+30:1800+30"]

1. d4 {[%emt 0:00:04]} d5 {[%emt 0:00:13]} 2. Nf3 {[%emt 0:00:42]} Nf6 {[%emt 0:00:31]} 3. Bg5 {[%emt 0:01:01]} c5 {[%emt 0:02:47]} 4. e3 {[%emt 0:04:05]} Nc6 {[%emt 0:01:51]} 5. c3 {[%emt 0:02:39]} Ne4 {[%emt 0:05:49]} 6. Bf4 {[%emt 0:01:24]} h6 {[%emt 0:06:41]} 7. h3 {[%emt 0:02:43]} Qb6 {[%emt 0:05:10]} 8. Qb3 {[%emt 0:04:55]} c4 {[%emt 0:10:57]} 9. Qc2 {[%emt 0:11:32]} Bf5 {[%emt 0:02:30]} 10. Qc1 {[%emt 0:00:21]} e6 {[%emt 0:03:02]} 11. Be2 {[%emt 0:06:31]} Be7 {[%emt 0:04:36]} 12. Nbd2 {[%emt 0:01:39]} O-O {[%emt 0:02:26]} 13. O-O {[%emt 0:03:50]} Qa5 {[%emt 0:04:16]} 14. Nxe4 {[%emt 0:02:15]} Bxe4 {[%emt 0:00:57]} 15. Nd2 {[%emt 0:07:26]} Bh7 {[%emt 0:02:32]} 16. e4 {[%emt 0:02:19]} Rad8 {[%emt 0:15:33]} 17. Re1 {[%emt 0:04:32]} f5 {[%emt 0:10:06]} 18. exd5 {[%emt 0:05:51]} exd5 {[%emt 0:00:37]} 19. b4 {[%emt 0:13:38]} Qb6 {[%emt 0:07:43]} 20. a4 {[%emt 0:08:15]} Rd7 {[%emt 0:02:55]} 21. a5 {[%emt 0:07:59]} Qd8 {[%emt 0:01:50]} 22. Bd1 {[%emt 0:02:56]} g5 {[%emt 0:03:47]} 23. Bh2 {[%emt 0:00:07]} Bd6 {[%emt 0:00:38]} 24. Ba4 {[%emt 0:01:56]} Re7 {[%emt 0:02:37]} 25. Bxc6 {[%emt 0:02:33]} bxc6 {[%emt 0:00:02]} 26. Bxd6 {[%emt 0:00:16]} Qxd6 {[%emt 0:00:01]} 27. Rxe7 {[%emt 0:00:49]} Qxe7 {[%emt 0:00:01]} 28. Qe1 {[%emt 0:00:35]} Re8 {[%emt 0:02:07]} 29. Qxe7 {[%emt 0:00:03]} Rxe7 {[%emt 0:00:01]} 30. Kf1 {[%emt 0:00:55]} f4 {[%emt 0:00:23]} 31. Nf3 {[%emt 0:00:02]} Bd3+ {[%emt 0:01:28]} 32. Kg1 {[%emt 0:00:01]} Bg6 {[%emt 0:00:40]} 33. Ne5 {[%emt 0:00:48]} Be8 {[%emt 0:00:04]} 34. Kh2 {[%emt 0:01:28]} Kg7 {[%emt 0:01:37]} 35. g3 {[%emt 0:00:40]} fxg3+ {[%emt 0:00:14]} 36. Kxg3 {[%emt 0:00:15]} Re6 {[%emt 0:00:54]} 37. Re1 {[%emt 0:00:15]} Bg6 {[%emt 0:00:52]} 38. Re3 {[%emt 0:00:37]} Bf5 {[%emt 0:00:30]} 39. Re1 {[%emt 0:01:28]} Kf6 {[%emt 0:00:30]} 40. Re2 {[%emt 0:00:28]} h5 {[%emt 0:00:18]} 41. h4 {[%emt 0:30:20]} Bd3 {[%emt 0:30:43]} 42. Nd7+ {[%emt 0:00:00]} Ke7 {[%emt 0:00:00]} 43. Rxe6+ {[%emt 0:00:00]} Kxe6 {[%emt 0:00:00]} 44. Ne5 {[%emt 0:00:00]} gxh4+ {[%emt 0:00:00]} 45. Kxh4 {[%emt 0:00:00]} Be2 {[%emt 0:00:00]} 46. Nxc6 {[%emt 0:00:00]} a6 {[%emt 0:00:00]} 47. Nb8 {[%emt 0:00:00]} Kd6 {[%emt 0:00:00]} 48. Nxa6 {[%emt 0:00:00]} 1-0

[Event "Marienbad IM-II 2022"]
[Site "Marianske Lazne"]
[Date "2022.01.15"]
[Round "1.17"]
[White "Michalek, Jan"]
[Black "Richter, Nils"]
[Result "1/2-1/2"]
[WhiteElo "2240"]
[BlackElo "2270"]
[Annotator "ChessBase"]
[PlyCount "72"]
[EventDate "2022.01.15"]
[EventType "tourn"]
[EventCountry "CZE"]
[SourceTitle "playchess.com"]
[Source "ChessBase"]
[SourceQuality "1"]
[TimeControl "40/5400+30:1800+30"]

1. e4 {[%emt 0:00:04]} c5 {[%emt 0:00:06]} 2. Nf3 {[%emt 0:00:15]} e6 {[%emt 0:00:08]} 3. c3 {[%emt 0:01:02]} Nf6 {[%emt 0:00:14]} 4. e5 {[%emt 0:00:23]} Nd5 {[%emt 0:00:08]} 5. g3 {[%emt 0:01:20]} d6 {[%emt 0:01:37]} 6. Bg2 {[%emt 0:03:33]} Nc6 {[%emt 0:04:01]} 7. exd6 {[%emt 0:01:24]} Bxd6 {[%emt 0:00:32]} 8. O-O {[%emt 0:00:30]} O-O {[%emt 0:00:26]} 9. Re1 {[%emt 0:06:47]} Bd7 {[%emt 0:05:11]} 10. Na3 {[%emt 0:03:28]} a6 {[%emt 0:08:09]} 11. Nc4 {[%emt 0:05:12]} Bc7 {[%emt 0:00:40]} 12. a4 {[%emt 0:04:18]} b5 {[%emt 0:14:55]} 13. Nce5 {[%emt 0:05:38]} Nxe5 {[%emt 0:09:08]} 14. Nxe5 {[%emt 0:00:08]} Bxe5 {[%emt 0:00:15]} 15. Rxe5 {[%emt 0:00:05]} Bc6 {[%emt 0:00:22]} 16. d4 {[%emt 0:07:59]} c4 {[%emt 0:09:02]} 17. Qf1 {[%emt 0:07:24]} Qd7 {[%emt 0:01:00]} 18. Bd2 {[%emt 0:00:52]} Nb6 {[%emt 0:03:03]} 19. axb5 {[%emt 0:14:55]} axb5 {[%emt 0:00:17]} 20. Ree1 {[%emt 0:00:26]} Qb7 {[%emt 0:05:04]} 21. Bf4 {[%emt 0:02:12]} Rfd8 {[%emt 0:02:14]} 22. Rxa8 {[%emt 0:06:45]} Rxa8 {[%emt 0:00:25]} 23. Bxc6 {[%emt 0:05:30]} Qxc6 {[%emt 0:00:03]} 24. Ra1 {[%emt 0:00:18]} h6 {[%emt 0:01:38]} 25. h4 {[%emt 0:00:45]} Nd5 {[%emt 0:04:59]} 26. Rxa8+ {[%emt 0:01:45]} Qxa8 {[%emt 0:00:02]} 27. Bd6 {[%emt 0:00:11]} Nf6 {[%emt 0:02:36]} 28. Qe2 {[%emt 0:04:11]} Qd5 {[%emt 0:06:03]} 29. Ba3 {[%emt 0:02:05]} Ne4 {[%emt 0:01:49]} 30. Be7 {[%emt 0:01:28]} Qb7 {[%emt 0:01:38]} 31. Ba3 {[%emt 0:00:32]} Qa8 {[%emt 0:03:46]} 32. Qf3 {[%emt 0:00:38]} Qd5 {[%emt 0:00:33]} 33. Qf4 {[%emt 0:01:48]} Nf6 {[%emt 0:05:08]} 34. f3 {[%emt 0:00:23]} Nd7 {[%emt 0:00:52]} 35. Qc7 {[%emt 0:00:41]} e5 {[%emt 0:03:07]} 36. Bd6 {[%emt 0:04:26]} Qxf3 {[%emt 0:04:40]} 1/2-1/2

[Event "Marienbad IM-II 2022"]
[Site "Marianske Lazne"]
[Date "2022.01.15"]
[Round "1.18"]
[White "Bomans, Arno"]
[Black "Klek, Hanna Marie"]
[Result "1/2-1/2"]
[WhiteElo "2246"]
[BlackElo "2341"]
[Annotator "ChessBase"]
[PlyCount "31"]
[EventDate "2022.01.15"]
[EventType "tourn"]
[EventCountry "CZE"]
[SourceTitle "playchess.com"]
[Source "ChessBase"]
[SourceQuality "1"]
[TimeControl "40/5400+30:1800+30"]

1. d4 {[%emt 0:00:04]} d5 {[%emt 0:00:05]} 2. c4 {[%emt 0:00:12]} e6 {[%emt 0:00:02]} 3. Nc3 {[%emt 0:00:12]} Bb4 {[%emt 0:00:11]} 4. Nf3 {[%emt 0:09:17]} Nf6 {[%emt 0:00:09]} 5. Bg5 {[%emt 0:00:39]} h6 {[%emt 0:01:06]} 6. Bxf6 {[%emt 0:00:27]} Qxf6 {[%emt 0:00:08]} 7. Qa4+ {[%emt 0:00:21]} Nc6 {[%emt 0:00:08]} 8. e3 {[%emt 0:00:44]} O-O {[%emt 0:01:50]} 9. Rc1 {[%emt 0:04:41]} a6 {[%emt 0:03:58]} 10. a3 {[%emt 0:05:04]} Bxc3+ {[%emt 0:00:46]} 11. Rxc3 {[%emt 0:00:36]} dxc4 {[%emt 0:01:45]} 12. Qxc4 {[%emt 0:02:28]} e5 {[%emt 0:11:06]} 13. Nxe5 {[%emt 0:06:08]} Nxe5 {[%emt 0:00:08]} 14. dxe5 {[%emt 0:00:05]} Qxe5 {[%emt 0:00:10]} 15. Bd3 {[%emt 0:08:31]} c6 {[%emt 0:05:10]} 16. Qe4 {[%emt 0:01:38]} 1/2-1/2

[Event "Marienbad IM-II 2022"]
[Site "Marianske Lazne"]
[Date "2022.01.15"]
[Round "1.19"]
[White "Acor, Corey"]
[Black "Vojta, Jakub"]
[Result "1/2-1/2"]
[WhiteElo "2303"]
[BlackElo "2289"]
[Annotator "ChessBase"]
[PlyCount "61"]
[EventDate "2022.01.15"]
[EventType "tourn"]
[EventCountry "CZE"]
[SourceTitle "playchess.com"]
[Source "ChessBase"]
[SourceQuality "1"]
[TimeControl "40/5400+30:1800+30"]

1. d4 {[%emt 0:00:27]} Nf6 {[%emt 0:00:11]} 2. c4 {[%emt 0:00:09]} c5 {[%emt 0:00:04]} 3. Nf3 {[%emt 0:01:05]} g6 {[%emt 0:03:52]} 4. Nc3 {[%emt 0:00:48]} cxd4 {[%emt 0:02:02]} 5. Nxd4 {[%emt 0:00:25]} Bg7 {[%emt 0:00:06]} 6. e4 {[%emt 0:02:43]} d6 {[%emt 0:01:02]} 7. Be2 {[%emt 0:00:59]} O-O {[%emt 0:00:05]} 8. Be3 {[%emt 0:00:28]} Nc6 {[%emt 0:00:37]} 9. O-O {[%emt 0:00:43]} Bd7 {[%emt 0:00:17]} 10. Rc1 {[%emt 0:01:29]} Nxd4 {[%emt 0:02:37]} 11. Bxd4 {[%emt 0:00:22]} Bc6 {[%emt 0:00:19]} 12. b3 {[%emt 0:05:43]} e5 {[%emt 0:04:15]} 13. Be3 {[%emt 0:00:43]} Nxe4 {[%emt 0:00:37]} 14. Nxe4 {[%emt 0:07:46]} Bxe4 {[%emt 0:00:11]} 15. Bf3 {[%emt 0:02:02]} Bc6 {[%emt 0:10:31]} 16. Bd5 {[%emt 0:00:44]} Rc8 {[%emt 0:09:42]} 17. c5 {[%emt 0:07:17]} Bxd5 {[%emt 0:17:17]} 18. Qxd5 {[%emt 0:00:04]} dxc5 {[%emt 0:00:15]} 19. Qxb7 {[%emt 0:01:02]} Qa5 {[%emt 0:01:37]} 20. Rc2 {[%emt 0:00:24]} Rfd8 {[%emt 0:03:17]} 21. Rfc1 {[%emt 0:01:30]} f5 {[%emt 0:10:01]} 22. Bg5 {[%emt 0:04:14]} Re8 {[%emt 0:01:24]} 23. b4 {[%emt 0:00:45]} Qb6 {[%emt 0:08:11]} 24. Qd5+ {[%emt 0:01:32]} Qe6 {[%emt 0:00:56]} 25. Qxe6+ {[%emt 0:00:58]} Rxe6 {[%emt 0:00:05]} 26. Rxc5 {[%emt 0:00:33]} Rxc5 {[%emt 0:00:05]} 27. Rxc5 {[%emt 0:00:36]} Ra6 {[%emt 0:00:46]} 28. Rc8+ {[%emt 0:01:03]} Kf7 {[%emt 0:00:42]} 29. Rc7+ {[%emt 0:00:08]} Kg8 {[%emt 0:00:05]} 30. Rc8+ {[%emt 0:14:29]} Kf7 {[%emt 0:00:04]} 31. Rc7+ {[%emt 0:00:05]} 1/2-1/2

[Event "Marienbad IM-II 2022"]
[Site "Marianske Lazne"]
[Date "2022.01.15"]
[Round "1.20"]
[White "Meszaros, Andras"]
[Black "Ochedzan, Tymon"]
[Result "0-1"]
[WhiteElo "2205"]
[BlackElo "2350"]
[Annotator "ChessBase"]
[PlyCount "92"]
[EventDate "2022.01.15"]
[EventType "tourn"]
[EventCountry "CZE"]
[SourceTitle "playchess.com"]
[Source "ChessBase"]
[SourceQuality "1"]
[TimeControl "40/5400+30:1800+30"]

1. e4 {[%emt 0:00:07]} c5 {[%emt 0:00:06]} 2. Nf3 {[%emt 0:00:05]} d6 {[%emt 0:00:06]} 3. Bb5+ {[%emt 0:00:25]} Nd7 {[%emt 0:00:26]} 4. c3 {[%emt 0:00:26]} Ngf6 {[%emt 0:04:51]} 5. Qe2 {[%emt 0:00:25]} a6 {[%emt 0:04:39]} 6. Ba4 {[%emt 0:00:22]} b5 {[%emt 0:05:16]} 7. Bc2 {[%emt 0:00:07]} c4 {[%emt 0:00:22]} 8. b3 {[%emt 0:01:02]} Qc7 {[%emt 0:10:10]} 9. Na3 {[%emt 0:07:06]} cxb3 {[%emt 0:04:34]} 10. axb3 {[%emt 0:00:37]} Bb7 {[%emt 0:00:24]} 11. O-O {[%emt 0:01:49]} e5 {[%emt 0:04:01]} 12. d4 {[%emt 0:14:14]} Qxc3 {[%emt 0:05:35]} 13. Bd2 {[%emt 0:01:42]} Qc7 {[%emt 0:02:48]} 14. Bb4 {[%emt 0:08:52]} Be7 {[%emt 0:03:24]} 15. Nh4 {[%emt 0:01:29]} O-O {[%emt 0:04:25]} 16. Nf5 {[%emt 0:00:10]} Rfe8 {[%emt 0:02:59]} 17. Qe3 {[%emt 0:06:22]} Bf8 {[%emt 0:12:53]} 18. Rad1 {[%emt 0:09:49]} exd4 {[%emt 0:04:59]} 19. Qg3 {[%emt 0:00:11]} g6 {[%emt 0:04:42]} 20. Bxd6 {[%emt 0:16:22]} Qb6 {[%emt 0:05:16]} 21. Bxf8 {[%emt 0:08:29]} Kxf8 {[%emt 0:01:46]} 22. Qd6+ {[%emt 0:03:05]} Kg8 {[%emt 0:02:25]} 23. Qxb6 {[%emt 0:01:22]} Nxb6 {[%emt 0:00:04]} 24. Nd6 {[%emt 0:00:06]} Re7 {[%emt 0:00:54]} 25. Nxb7 {[%emt 0:03:07]} Rxb7 {[%emt 0:00:04]} 26. Rxd4 {[%emt 0:02:28]} Rd7 {[%emt 0:00:38]} 27. Rfd1 {[%emt 0:03:56]} Rc8 {[%emt 0:03:12]} 28. Rxd7 {[%emt 0:02:18]} Nfxd7 {[%emt 0:00:26]} 29. Rd4 {[%emt 0:04:48]} a5 {[%emt 0:03:47]} 30. Bd1 {[%emt 0:02:01]} b4 {[%emt 0:02:21]} 31. Nc2 {[%emt 0:00:22]} Rc3 {[%emt 0:01:27]} 32. Ne3 {[%emt 0:00:04]} Nc5 {[%emt 0:01:34]} 33. Rd6 {[%emt 0:00:08]} Nbd7 {[%emt 0:00:15]} 34. Kf1 {[%emt 0:00:17]} Nf8 {[%emt 0:01:23]} 35. Nd5 {[%emt 0:01:52]} Rc1 {[%emt 0:01:13]} 36. Ne7+ {[%emt 0:00:17]} Kg7 {[%emt 0:00:15]} 37. e5 {[%emt 0:01:39]} Nxb3 {[%emt 0:00:37]} 38. Nc6 {[%emt 0:00:13]} Ne6 {[%emt 0:00:44]} 39. Ke2 {[%emt 0:00:36]} Rxc6 {[%emt 0:00:38]} 40. Bxb3 {[%emt 0:00:13]} Rxd6 {[%emt 0:01:20]} 41. exd6 {[%emt 0:30:05]} Nd4+ {[%emt 0:31:43]} 42. Ke3 {[%emt 0:00:46]} Nf5+ {[%emt 0:00:11]} 43. Ke4 {[%emt 0:00:07]} Nxd6+ {[%emt 0:00:21]} 44. Kd5 {[%emt 0:00:06]} Nb5 {[%emt 0:02:38]} 45. Kc5 {[%emt 0:00:18]} Nc3 {[%emt 0:00:07]} 46. Bc4 {[%emt 0:00:04]} Ne4+ {[%emt 0:00:00]} 0-1

[Event "Marienbad IM-II 2022"]
[Site "Marianske Lazne"]
[Date "2022.01.16"]
[Round "2.16"]
[White "Hari Charan Sai Kalluri"]
[Black "Ochedzan, Tymon"]
[Result "1-0"]
[WhiteElo "2160"]
[BlackElo "2350"]
[Annotator "TA"]
[PlyCount "97"]
[EventDate "2022.01.15"]
[EventType "tourn"]
[EventCountry "CZE"]
[SourceTitle "playchess.com"]
[Source "ChessBase"]
[SourceQuality "1"]

{[%evp 11,97,25,51,30,48,57,47,65,64,66,72,77,77,65,73,78,44,30,26,33,58,69,69,40,76,65,112,86,94,76,79,83,91,38,43,0,37,-20,0,0,0,0,0,0,0,-22,0,0,0,0,707,699,671,644,29974,29975,29989,29990,29990,29976,29973,29974,29991,1150,972,1020,29982,29983,29983,1138,29984,650,1010,0,29984,29985,29992,29986,29986,29985,29985,12839,12840,12840,12838,12837,12837,12837]} 1. d4 Nf6 2. c4 g6 3. Nc3 Bg7 4. e4 d6 5. h3 O-O 6. Be3 Na6 7. g4 {E71: King's Indian: 4 e4 d6 5 h3.} c5 8. Nge2 cxd4 9. Nxd4 {White is slightly better.} Nc5 10. Bg2 Bd7 11. O-O {[#]} Rc8 $146 ({Predecessor:} 11... a6 12. f4 Rc8 13. Rc1 e5 14. Nb3 exf4 15. Bxf4 Nxb3 16. Qxb3 Be6 17. Nd5 Bxd5 18. exd5 {½-½ (96) Paszewski,M (2324)-Efimenko,Z (2631) Warsaw 2019}) 12. Rc1 a6 13. b4 Ne6 14. Qd3 Nxd4 15. Bxd4 Be6 16. Nd5 Nd7 17. Kh1 {White is much more active.} Ne5 18. Qe2 Nc6 (18... Bxd5 $14 19. exd5 Nd7) 19. Bxg7 Kxg7 20. f4 f6 21. Qb2 Kg8 22. Bf3 (22. c5 $16) 22... Bf7 $14 23. Bg2 (23. c5 $14 {is more appropriate.}) 23... e5 24. fxe5 (24. c5 $14) 24... fxe5 25. Nf6+ Kh8 {[%cal Of7c4]} 26. g5 Nd4 27. c5 Be6 28. Qf2 Qe7 {[%cal Rd6c5]} 29. cxd6 Qxd6 30. Qh4 {[%csl Gf6][%cal Rh4h7]} Bg8 {[%mdl 8192] White leaves nothing to chance now.} (30... Qe7 $11) 31. Rxc8 $1 $18 Rxc8 {[#]} 32. Nxh7 $1 {[%mdl 512] Intending Nf8+ and mate.} Nf3 (32... Qc7 33. Nf8+) 33. Rxf3 Bxh7 34. Rf7 {[%csl Gf7,LRb7,LRh7][%cal Rh4h7]} Qd1+ 35. Kh2 {[%csl Gf7][%cal Rh4h7]} Qh5 36. Qg3 Kg8 37. Rf2 (37. Rxb7 $142 Rc2 38. Qb3+ Kh8 39. Qxc2 Qh4 40. Qc7 Qf4+ 41. Kh1 Qc1+ 42. Qxc1 Bg8 43. Qc8 a5 44. Qb8 axb4 45. Qxe5#) 37... Qd1 38. Qxe5 {White threatens Qe6+ and mate.} Rd8 39. Qe6+ Kh8 40. Qf6+ Kg8 41. Qf7+ (41. e5 $142 Rb8 42. e6 Qd6+ 43. Kg1 b6 44. e7 Qxf6 45. gxf6 Kf7 46. Bd5+ Ke8 47. Re2) 41... Kh8 42. Qf6+ (42. e5 $18 Rg8 43. Rf4) 42... Kg8 43. e5 {[%cal Be4e5,Be5e6][%mdl 32] To avoid Qd6} Qd4 44. e6 Qd6+ 45. Kh1 Rf8 {[#]} 46. Qxf8+ (46. e7 $142 $1 Rxf6 47. e8=Q+ Qf8 48. Bd5+ Kh8 49. Qxf8+ Rxf8 50. Rxf8+ Kg7 51. Rf7+ Kh8 52. Rxb7) 46... Qxf8 {White is clearly winning.} 47. Rxf8+ Kxf8 48. Bxb7 Bg8 49. Bd5 {Weighted Error Value: White=0.49/Black=0.42} 1-0

[Event "Marienbad IM-II 2022"]
[Site "Marianske Lazne"]
[Date "2022.01.16"]
[Round "2.17"]
[White "Vojta, Jakub"]
[Black "Meszaros, Andras"]
[Result "1-0"]
[WhiteElo "2289"]
[BlackElo "2205"]
[Annotator "TA"]
[PlyCount "61"]
[EventDate "2022.01.15"]
[EventType "tourn"]
[EventCountry "CZE"]
[SourceTitle "playchess.com"]
[Source "ChessBase"]
[SourceQuality "1"]

{[%evp 9,61,14,70,35,37,58,49,60,56,41,80,21,43,60,41,-12,9,12,45,65,75,68,74,0,0,9,35,25,166,168,135,143,347,337,350,347,347,339,412,357,438,372,380,372,718,693,674,683,972,942,945,945,1530,1492]} 1. c4 e5 2. Nc3 Nf6 3. g3 Nc6 4. Bg2 Bc5 5. Nf3 e4 (5... Bb6 $11) 6. Ng5 {A29: English Opening: Four Knights Variation with 4 g3.} Bxf2+ $1 7. Kxf2 Ng4+ {[%mdl 64] Discovered Attack} 8. Kg1 $1 {White is slightly better.} Qxg5 9. Nxe4 Qe7 10. e3 (10. Nc3 $16) 10... d6 11. Nc3 $1 {[#]} Nf6 $146 ({Predecessor:} 11... O-O 12. Nd5 Qd8 13. b3 Nce5 14. d4 Ng6 15. h3 Nf6 16. Nxf6+ Qxf6 17. Qf3 Qe7 {1-0 (43) Morrison,G (2315)-Al Hindi,A Graz 1981}) 12. b3 (12. h3 $14) 12... Bg4 13. Qf1 h5 14. h3 Bd7 15. d4 {[%cal Bd2d4,Bd4d5][%mdl 32] Prevents Qe5.} O-O-O 16. b4 ({Better is} 16. Qf2 $16) 16... Nxb4 $11 17. Rb1 Nc6 18. c5 {Strongly threatening d5.} a6 {[#]} (18... d5 $1 $11) 19. d5 $1 $18 Nb8 ({Weaker is} 19... Ne5 20. c6 Nxc6 21. dxc6 Bxc6 22. Bxc6 bxc6 23. Qxa6+ Kd7 24. Qd3 $16) 20. c6 $40 {[%mdl 128] Black is in trouble.} bxc6 {This costs Black the game.} (20... Nxc6 $16 21. dxc6 Bxc6) 21. dxc6 {Rxb8+ would kill now.} Qe5 22. cxd7+ Kxd7 23. Ne2 Rde8 24. Qf3 Qa5 25. Bb2 Qxa2 26. Qf5+ Ke7 $2 (26... Qe6 27. Nd4 Qxf5 28. Nxf5 Rhg8) 27. Bxf6+ {White is clearly winning.} gxf6 28. Nd4 Kf8 29. Kh2 h4 30. g4 ({Avoid the trap} 30. Qxf6 $2 hxg3+ 31. Kg1 Qxb1+ $19) 30... c5 {[#]} 31. Qxf6 $1 {Weighted Error Value: White=0.18 (very precise) /Black=0.43} 1-0

[Event "Marienbad IM-II 2022"]
[Site "Marianske Lazne"]
[Date "2022.01.16"]
[Round "2.18"]
[White "Klek, Hanna Marie"]
[Black "Acor, Corey"]
[Result "1-0"]
[WhiteElo "2341"]
[BlackElo "2303"]
[Annotator "TA"]
[PlyCount "105"]
[EventDate "2022.01.15"]
[EventType "tourn"]
[EventCountry "CZE"]
[SourceTitle "playchess.com"]
[Source "ChessBase"]
[SourceQuality "1"]

{[%evp 21,105,31,39,18,20,7,18,1,4,8,56,37,42,43,51,47,40,56,50,37,49,0,54,0,63,-24,251,253,241,246,256,72,243,218,207,212,217,151,131,152,143,156,179,33,11,33,26,0,39,29,78,0,0,0,0,0,0,0,0,0,14,0,0,0,0,0,0,0,0,0,470,451,613,600,964,953,1066,1041,1377,1084,6119,6119,5698,5514,4710,1091]} 1. e4 e5 2. Nf3 Nc6 3. Bb5 {[%cal Bf1b5,Bb5a4,Ba4b3][%mdl 32]} a6 4. Ba4 Nf6 5. O-O Nxe4 6. d4 b5 7. Bb3 d5 8. dxe5 Be6 9. Nbd2 Nc5 10. c3 Nxb3 11. Nxb3 Be7 12. Nbd4 {C80: Open Ruy Lopez: Sidelines and 9 Nbd2.} Nxd4 13. Nxd4 Qd7 14. a4 {[#] The position is equal.} b4 $146 ({Predecessor:} 14... O-O 15. f4 Bg4 16. e6 Bxd1 17. exd7 Bg4 18. f5 Bc5 19. Rf2 Bxd4 20. cxd4 f6 {½-½ (35) Alarcon,J (1932)-De la Vega,R (1487) Asuncion 2015}) 15. f4 {Hoping for f5.} g6 {Inhibits f5.} (15... c5 $11 {should be considered.} 16. f5 cxd4 17. fxe6 Qxe6 18. cxd4 Rc8) 16. f5 gxf5 17. Qd3 {[%cal Rd4f5]} c5 18. Nxf5 c4 19. Ng7+ Kd8 $1 20. Qg3 Kc7 21. b3 (21. Qf2 $14) 21... d4 (21... cxb3 22. cxb4 Rab8 23. Bd2 $16 (23. Qxb3 Rxb4 24. Qd3 Bc5+ 25. Kh1 Rb6 $16)) (21... Rag8 $11) 22. cxd4 ({Don't play} 22. Nxe6+ fxe6 23. cxd4 Raf8 $11) (22. cxb4 $1 $14 Rhg8 23. bxc4) 22... c3 {[#]} ({Don't do} 22... Qxd4+ 23. Be3 Qd3 24. Qf2 $16) (22... Rhg8 $11 23. Nxe6+ fxe6) 23. Be3 (23. Rxf7 $1 $14 Raf8 24. Rxf8 (24. Nxe6+ Qxe6 25. Rg7 Rhg8 $16) 24... Rxf8 25. Nxe6+ Qxe6 26. Qd3) 23... Kc6 $2 {[%mdl 8192]} (23... Rag8 $11 {and Black has nothing to worry.} 24. Nxe6+ fxe6) 24. Nxe6 $18 fxe6 25. Rf7 {Strongly threatening Qf3+.} Rae8 26. Bf2 $2 {Chess con chili.} (26. Qg4 $18) 26... Qd5 $2 (26... Kc7 $16) 27. Qd3 {[%csl LRa6,LRh7]} Kd7 28. Qxa6 Ra8 {Inhibits Qa7+.} 29. Qd6+ Qxd6 30. exd6 Kxd6 31. Bg3+ Kd7 {[#]} 32. d5 (32. Bh4 $1 $18 Rae8 33. a5) 32... Ke8 $14 33. dxe6 Ra6 34. Rf4 {Rc4 is the strong threat.} Rxe6 (34... Rc6 $5 {[%cal Rc3c2]} 35. Rf5 c2 $11) 35. Rc4 Rg8 (35... Kf7 $11 {feels stronger.}) 36. Rc8+ ({White should try} 36. Kf2 $16) 36... Kf7 $11 37. Rf1+ Kg7 38. Rc7 Kg6 39. Re1 Rxe1+ 40. Bxe1 {[%mdl 4096] Endgame KRB-KRB} Bg5 41. h4 Bf4 42. Rc4 Kf5 43. Kf1 h5 44. Bf2 Re8 45. a5 {[%cal Ba4a5,Ba5a6,Ba6a7][%mdl 32] aiming for g3.} Re5 $2 {[%mdl 8192]} (45... Re4 $11 46. Rc8 Be3) 46. a6 $18 {White is clearly winning.} Ra5 47. a7 {Black must now prevent Bb6.} Ra1+ 48. Ke2 Ra2+ 49. Kf3 Be5 50. Rc8 Rxf2+ 51. Kxf2 Bd4+ 52. Kf3 Bxa7 53. Rc4 {Weighted Error Value: White=0.32/Black=0.52} 1-0

[Event "Marienbad IM-II 2022"]
[Site "Marianske Lazne"]
[Date "2022.01.16"]
[Round "2.19"]
[White "Richter, Nils"]
[Black "Bomans, Arno"]
[Result "1/2-1/2"]
[WhiteElo "2270"]
[BlackElo "2246"]
[Annotator "TA"]
[PlyCount "45"]
[EventDate "2022.01.15"]
[EventType "tourn"]
[EventCountry "CZE"]
[SourceTitle "playchess.com"]
[Source "ChessBase"]
[SourceQuality "1"]

{[%evp 9,45,0,0,0,0,5,-7,-19,0,0,0,0,0,0,0,0,0,0,0,6,5,-1,10,18,36,20,39,27,63,23,29,22,33,0,31,18,15,24]} 1. d4 Nf6 2. c4 g6 3. g3 c5 4. dxc5 Qa5+ 5. Nd2 Bg7 6. Bg2 {E60: King's Indian: Unusual lines and Fianchetto Variation without Nc3.} Qxc5 7. Ngf3 O-O 8. O-O Nc6 9. a3 {[#]} Qh5 $146 ({Predecessor:} 9... d6 10. h3 Qb6 11. Ra2 d5 12. Qa4 Be6 13. b3 Bd7 14. cxd5 Nxd5 15. Bb2 Ncb4 16. Qxd7 Nxa2 17. Qxd5 Bxb2 {0-1 (25) Klekowski,M (2392)-Swiercz,D (2608) Gorzow Wielkopolski 2014}) 10. h3 d6 11. g4 Qa5 12. b4 Qc7 {[%cal Of6g4]} 13. Bb2 a5 (13... h5 $5 {[%cal Rh5g4]}) 14. Qb3 b6 15. Rfc1 Rb8 16. Nf1 e6 17. Ne3 Qe7 18. Rd1 h6 19. Rac1 {White is more active.} (19. b5 $5 {[%cal Rb5c6]} Na7 20. Qd3 $16) 19... Bb7 20. b5 Na7 21. a4 Rfd8 22. Bd4 Nd7 23. Bxg7 {Weighted Error Value: White=0.06 (flawless) /Black=0.07 (flawless)} 1/2-1/2

[Event "Marienbad IM-II 2022"]
[Site "Marianske Lazne"]
[Date "2022.01.17"]
[Round "3.16"]
[White "Michalek, Jan"]
[Black "Hari Charan Sai Kalluri"]
[Result "0-1"]
[WhiteElo "2240"]
[BlackElo "2160"]
[Annotator "TA"]
[PlyCount "38"]
[EventDate "2022.01.15"]
[EventType "tourn"]
[EventCountry "CZE"]
[SourceTitle "playchess.com"]
[Source "ChessBase"]
[SourceQuality "1"]

{[%evp 15,38,29,28,33,40,-99,-111,-120,-103,-125,-95,-118,-105,-319,-300,-314,-299,-760,-728,-729,-713,-797,-800,-1336,-412]} 1. e4 c5 2. Nf3 d6 3. d4 cxd4 4. Nxd4 Nf6 5. Nc3 a6 6. Bc4 e6 7. Bb3 Be7 {7...Nbd7 is a critical line.} 8. g4 h6 9. Be3 {B86: Sicilian Scheveningen/Najdorf: 6 Bc4, without early ...b5.} Nbd7 {[%cal Bb8d7,Bd7e5,Be5f3][%mdl 32]} 10. Bxe6 fxe6 $17 11. Nxe6 {[%cal Bd4e6,Be6g7,Bg7f5][%mdl 32] Black is better.} Qa5 {...Nc5 is the strong threat.} 12. Nxg7+ Kf7 13. Nf5 Ne5 {[#] Strongly threatening ...Nxe4. Really sharp!} 14. Rg1 $146 {[#]} (14. f3 $17) ({Predecessor:} 14. Nxe7 Bxg4 15. Qxd6 Rad8 16. Qc5 Nf3+ 17. Kf1 Nd2+ 18. Ke1 Qxc5 19. Bxc5 Ndxe4 20. Nxe4 Nxe4 {1-0 (38) Triapishko,A (2221)-Battey,A (2304) Pardubice 2013}) 14... Nxe4 $19 15. Bd4 Bg5 {And now ...Re8 would win.} 16. Kf1 $2 (16. Ne3) 16... Nd2+ {Black is clearly winning.} 17. Kg2 Bxf5 18. gxf5 Nef3 19. Bxh8 Qxf5 {White got outplayed after the opening.  Weighted Error Value: White=1.31/Black=0.00 (flawless)} 0-1